Statistics for Most populous city of countries where it's not the capital city

Click here to take the quiz!

General Stats

  • This quiz has been taken 41 times
  • The average score is 22 of 36

Answer Stats

CountryCapital cityCity% Correct
AustraliaCanberraSydney
100%
BrazilBrasiliaSão Paulo
97%
IndiaDelhiMumbai
95%
LiechtensteinVaduzSchaan
95%
New ZealandWellingtonAuckland
92%
United Arab EmiratesAbu DhabiDubai
92%
Viet NamHanoiHo Chi Minh
92%
TurkeyAnkaraIstanbul
92%
South AfricaPretoria / Cape Town / BloemfonteinJohannesburg
92%
United StatesWashington D.C.New York City
92%
CanadaOttawaToronto
92%
MoroccoRabatCasablanca
89%
ChinaBeijingShanghai
89%
SwitzerlandBernZürich
89%
NigeriaAbujaLagos
84%
Sri LankaSri Jayawardenapura KotteColombo
82%
TanzaniaDodomaDar es Salaam
76%
PakistanIslamabadKarachi
76%
BelizeBelmopanBelize City
71%
EcuadorQuitoGuayaquil
68%
KazakhstanAstanaAlmaty
66%
Ivory CoastYamoussoukroAbidjan
63%
MyanmarNaypyidawYangon
61%
BurundiGitegaBujumbura
50%
CameroonYaoundeDouala
47%
BeninPorto-NovoCotonou
45%
BoliviaLa Paz / SucreSanta Cruz de la Sierra
39%
PalauNgerulmudKoror
18%
Equatorial GuineaMalaboBata
16%
F.S of MicronesiaNgerulmudWeno
16%
San MarinoSan MarinoSerravalle
8%
Trinidad and TobagoPort of SpainChaguanas
5%
EswatiniMbabaneManzini
5%
GambiaBanjulSerekunda
5%
MaltaVallettaSt Paul's Bay
3%
FijiSuvaNasinu
0%

Score Distribution

Percentile by Number Answered

Percent of People with Each Score

Your Score History

You have not taken this quiz